<A> variational problem arising in financial economics.

Stanovenie postačujúcich podmienok pre to, aby úloha dynamiky spotreba-portfolio v spojitom čase mala riešenie: cenové procesy musia vyhovovať podmienke regularity, všetky úžitkové funkcie musia byť spojité, rastúce a ohraničené striktne konkávnou mocninnou funkciou.

Saved in:
Bibliographic Details
Main Author: Cox, J.C
Other Authors: Huang, C.
Format: Book Chapter
Language:English
Subjects:
Tags: Add Tag
No Tags, Be the first to tag this record!

MARC

LEADER 00000naa a2200000 4500
001 r007308
005 20221130103514.0
041 0 |a eng 
044 |a NL 
245 1 0 |a <A> variational problem arising in financial economics.  |c J.C. Cox, C. Huang 
520 |a Stanovenie postačujúcich podmienok pre to, aby úloha dynamiky spotreba-portfolio v spojitom čase mala riešenie: cenové procesy musia vyhovovať podmienke regularity, všetky úžitkové funkcie musia byť spojité, rastúce a ohraničené striktne konkávnou mocninnou funkciou. 
610 2 0 |a financie 
610 2 0 |a ekonómia matematická 
610 2 0 |a spotreba 
610 2 0 |a portfólio 
610 2 0 |a metódy ekonomicko-matematické 
610 2 0 |a funkcie úžitkové 
610 2 0 |a ceny 
100 1 |a Cox, J.C. 
700 1 |a Huang, C.